[Event "DUBAI CUP 2004"]
[Site "Tagaytay, Phil."]
[Date "2004.03.21"]
[Round "1.1"]
[White "Liang, Chong"]
[Black "Alhalila, Ali"]
[Result "1-0"]
[WhiteElo "2526"]
[BlackElo "2050"]
[PlyCount "89"]
[EventDate "2004.03.21"]

1. d4 d5 2. c4 c6 3. Nc3 Nf6 4. e3 Nbd7 5. Nf3 e6 6. Qc2 Bb4 7. a3 Bxc3+ 8.
Qxc3 Ne4 9. Qc2 a5 10. Bd3 f5 11. O-O O-O 12. Bd2 Qf6 13. Bc3 g5 14. Ne5 Nxc3
15. Qxc3 g4 16. f3 Nxe5 17. dxe5 Qg5 18. Qd4 h5 19. f4 Qe7 20. cxd5 exd5 21.
Rfe1 Be6 22. Qb6 Rfc8 23. b4 Qc7 24. Qd4 b6 25. Rab1 c5 26. bxc5 bxc5 27. Qc3
c4 28. Bc2 Rab8 29. Qd4 Qe7 30. Rb6 Kf7 31. Reb1 Rxb6 32. Qxb6 Qc5 33. Qxc5
Rxc5 34. Rb7+ Kf8 35. Kf2 Bc8 36. Rb8 Ke7 37. Kg3 c3 38. Kh4 Ba6 39. Kxh5 Bf1
40. Kg5 Bxg2 41. Rb7+ Kd8 42. e6 Be4 43. e7+ Kc8 44. Ra7 Kb8 45. Rd7 1-0

[Event "DUBAI CUP 2004"]
[Site "Tagaytay, Phil."]
[Date "2004.03.21"]
[Round "1.4"]
[White "Hatim, Al-Hadarani"]
[Black "Liang, Jinrong"]
[Result "0-1"]
[WhiteElo "2356"]
[BlackElo "2467"]
[PlyCount "92"]
[EventDate "2004.03.21"]

1. d4 Nf6 2. Nf3 d5 3. e3 c5 4. a3 c4 5. b3 cxb3 6. cxb3 Nc6 7. Bd3 Bg4 8. Nbd2
e6 9. Bb2 a5 10. Qc2 Rc8 11. Rc1 Bxf3 12. Nxf3 Bd6 13. Ne5 Nxe5 14. dxe5 Rxc2
15. Rxc2 Be7 16. exf6 Bxf6 17. Bb5+ Ke7 18. Bc1 Qb8 19. O-O Rc8 20. Rxc8 Qxc8
21. Bd2 Qc2 22. Bxa5 Bc3 23. Bb6 Qxb3 24. a4 e5 25. Bc5+ Ke6 26. f4 Bd2 27.
fxe5 Bxe3+ 28. Bxe3 Qxe3+ 29. Kh1 d4 30. Rf3 Qe1+ 31. Rf1 Qe3 32. Rf3 Qc1+ 33.
Rf1 Qc2 34. Rf3 Kxe5 35. h3 f5 36. Bd3 Qd1+ 37. Kh2 g6 38. Bb5 Ke4 39. Kg3 g5
40. Bd7 Qe1+ 41. Kh2 f4 42. Rb3 d3 43. Bg4 d2 44. Bf3+ Kd4 45. Bh5 d1=Q 46.
Bxd1 Qxd1 0-1

[Event "DUBAI CUP 2004"]
[Site "Tagaytay, Phil."]
[Date "2004.03.21"]
[Round "1.1"]
[White "Tindall, Brett"]
[Black "Kotsur, Pavel"]
[Result "1/2-1/2"]
[WhiteElo "2286"]
[BlackElo "2569"]
[PlyCount "68"]
[EventDate "2004.03.21"]

1. e4 c5 2. Nf3 d6 3. d4 cxd4 4. Nxd4 Nf6 5. Nc3 Nc6 6. Bc4 Qb6 7. Nxc6 bxc6 8.
O-O g6 9. e5 dxe5 10. Qe2 Qd4 11. Be3 Qh4 12. f4 e4 13. Bd4 Bg7 14. g3 Qh5 15.
Qxh5 gxh5 16. f5 Rg8 17. Rae1 h4 18. Nxe4 Nxe4 19. Bxg7 Nd2 20. f6 e6 21. Bd3
Nxf1 22. Rxf1 Kd7 23. Bxh7 Ba6 24. Rd1+ Kc7 25. Bxg8 Rxg8 26. gxh4 Be2 27. Rd2
Bh5 28. Rg2 Rd8 29. Bh6 Rd4 30. Bg5 a6 31. c3 Re4 32. Rd2 c5 33. Kf2 a5 34. h3
a4 1/2-1/2

[Event "DUBAI CUP 2004"]
[Site "Tagaytay, Phil."]
[Date "2004.03.21"]
[Round "1.3"]
[White "Jones, Brian"]
[Black "Ibraev, Nurlan"]
[Result "0-1"]
[WhiteElo "2286"]
[BlackElo "2569"]
[PlyCount "58"]
[EventDate "2004.03.21"]

1. g3 c5 2. Bg2 g6 3. f4 Bg7 4. Nf3 Nc6 5. O-O e6 6. Nc3 Nge7 7. d3 O-O 8. g4
f5 9. g5 d6 10. e3 e5 11. Qe1 Be6 12. Qh4 Qd7 13. Bd2 Rae8 14. a3 e4 15. dxe4
fxe4 16. Nxe4 Nf5 17. Qf2 Bc4 18. Nf6+ Bxf6 19. gxf6 Bxf1 20. Bxf1 Rxf6 21. Bc3
Rfe6 22. Bc4 d5 23. Bb5 Rxe3 24. Ne5 Qd6 25. Ng4 R3e6 26. Be5 Nxe5 27. fxe5
Rxe5 28. Bxe8 Rxe8 29. Rf1 h5 0-1

[Event "DUBAI CUP 2004"]
[Site "Tagaytay, Phil."]
[Date "2004.03.21"]
[Round "1.4"]
[White "Serik, Temirbaev"]
[Black "Rippis, Theos"]
[Result "1-0"]
[WhiteElo "2286"]
[BlackElo "2569"]
[PlyCount "75"]
[EventDate "2004.03.21"]

1. d4 Nf6 2. c4 c5 3. d5 e6 4. Nc3 exd5 5. cxd5 d6 6. e4 g6 7. f3 Bg7 8. Bg5
O-O 9. Qd2 a6 10. a4 Re8 11. Nge2 Nbd7 12. Ng3 Qa5 13. Be2 Qb4 14. O-O Rb8 15.
Kh1 c4 16. Ra2 Nc5 17. Bh6 Bh8 18. Rd1 Nb3 19. Qf4 Qc5 20. Qe3 Qc7 21. Bf1 Bd7
22. Bf4 b5 23. axb5 axb5 24. Ra6 Qb7 25. Rxd6 b4 26. Nb1 Bb5 27. e5 Bg7 28. Bh6
Bh8 29. Qf4 Nd7 30. e6 Ne5 31. Bxc4 Bxc4 32. Rd7 f6 33. Rxb7 Rxb7 34. Ne4 Nd3
35. Rxd3 Bxd3 36. Nd6 Reb8 37. Nxb7 Rxb7 38. Qd6 1-0

[Event "DUBAI CUP 2004"]
[Site "Tagaytay, Phil."]
[Date "2004.03.21"]
[Round "1.1"]
[White "Torre, Eugenio"]
[Black "Situru, Nathanael"]
[Result "0-1"]
[WhiteElo "2521"]
[BlackElo "2375"]
[PlyCount "74"]
[EventDate "2004.03.21"]

1. d4 c5 2. d5 Nf6 3. Nc3 d6 4. e4 g6 5. Nf3 Bg7 6. Bb5+ Nfd7 7. a4 O-O 8. O-O
Na6 9. Re1 Nc7 10. Bc4 a6 11. Bf4 h6 12. Nd2 Rb8 13. a5 b5 14. axb6 Nxb6 15.
Bf1 f5 16. g3 e5 17. dxe6 Nxe6 18. Ne2 (18. Be3 $142 f4 19. gxf4 Nxf4 20. Kh1
$11) 18... g5 19. exf5 Nxf4 20. gxf4 gxf4 21. Nxf4 Qg5+ 22. Ng2 Qxf5 23. f4
Bxb2 24. Ra2 Nd5 25. Bd3 Bd4+ 26. Kh1 Qf7 27. Bc4 Rb4 28. Ra3 Bb2 29. Rg3+ Kh8
30. Ne4 Rxc4 31. Nxd6 Qc7 32. Nxc4 Nxf4 33. Rf1 Rd8 34. Qf3 Nxg2 35. Rxg2 Bb7
36. Qf5 Bxg2+ 37. Kxg2 Qg7+ 0-1

[Event "DUBAI CUP 2004"]
[Site "Tagaytay, Phil."]
[Date "2004.03.21"]
[Round "1.2"]
[White "Halay, Taufik"]
[Black "Antonio Jr, Rogelio"]
[Result "0-1"]
[WhiteElo "2212"]
[BlackElo "2523"]
[PlyCount "138"]
[EventDate "2004.03.21"]

1. d4 Nf6 2. c4 e6 3. Nc3 c5 4. d5 exd5 5. cxd5 d6 6. Nf3 g6 7. e4 a6 8. a4 Bg4
9. h3 Bxf3 10. Qxf3 Bg7 11. Bd3 O-O 12. O-O Re8 13. Bg5 h6 14. Bf4 Qe7 15. Rae1
Nbd7 16. Qe3 Ne5 17. Be2 g5 18. Bg3 Ng6 19. Bd3 Nh5 20. Bh2 Bd4 21. Qd2 Qf6 22.
Ne2 Nhf4 23. Nxf4 gxf4 24. Rb1 Re5 25. Kh1 Rg5 26. f3 Kh8 27. Rfe1 Rg8 28. Bf1
Be5 29. Re2 b5 30. b3 Nh4 31. Qe1 R5g6 32. Ra2 Qg5 33. axb5 axb5 34. Rc1 b4 35.
Rcc2 Bd4 36. Bd3 R6g7 37. Qc1 Be3 38. Qf1 Ng6 39. Ra6 Qf6 40. Qa1 Ne5 41. Bf1
Kh7 42. Ra8 Bd4 43. Qa6 Rxa8 44. Qxa8 c4 45. Qa2 Qh4 46. Rc1 c3 47. Qc2 Be3 48.
Ra1 Rg6 49. Qe2 Kg7 50. Ra4 Bc5 51. Ra2 Qf6 52. Ra4 Nd7 53. Qd1 Qh4 54. Qe2 Rg5
55. Ra1 Nf6 56. Qc2 Nh5 57. Bd3 Ng3+ 58. Bxg3 Rxg3 59. Bf1 Qg5 60. Bc4 Qe5 61.
Qd3 Kf6 62. Ra2 Rg8 63. Bb5 Rb8 64. Bc4 Rb7 65. Ra4 Qd4 66. Qxd4+ Bxd4 67. Bd3
Ke5 68. Kh2 Ra7 69. Rxb4 Ra1 0-1

[Event "DUBAI CUP 2004"]
[Site "Tagaytay, Phil."]
[Date "2004.03.21"]
[Round "1.3"]
[White "Villamayor, Buenaventura"]
[Black "Askali, Nurdin"]
[Result "1-0"]
[WhiteElo "2469"]
[BlackElo "2323"]
[PlyCount "91"]
[EventDate "2004.03.21"]

1. Nf3 f5 2. b3 Nf6 3. Bb2 e6 4. g3 Be7 5. Bg2 O-O 6. O-O d5 7. c4 c6 8. d3 Qe8
9. Nbd2 Qh5 10. Ne5 Nbd7 11. e4 Qh6 12. Nxd7 Bxd7 13. e5 Nh5 14. cxd5 cxd5 15.
Nf3 g5 16. Rc1 Rfc8 17. Qd2 Qg6 18. Rxc8+ Rxc8 19. Rc1 g4 20. Rxc8+ Bxc8 21.
Qc1 Qe8 22. Nd4 a6 23. Ba3 Bxa3 24. Qxa3 Qf8 25. Qc1 Qd8 26. h3 gxh3 27. Bxh3
Bd7 28. Qc5 Bc8 29. Bg2 Ng7 30. Bf3 Kf7 31. b4 Bd7 32. Kg2 Qe7 33. Qb6 Be8 34.
a3 Kf8 35. Nb3 Bc6 36. Na5 Qd7 37. Qd4 Qc7 38. Qc5+ Qe7 39. Qc1 Qd7 40. d4 Bb5
41. Qc5+ Kf7 42. Qb6 Kg6 43. Nxb7 Qe7 44. Bxd5 f4 45. Be4+ Kh6 46. Qd8 1-0

[Event "DUBAI CUP 2004"]
[Site "Tagaytay, Phil."]
[Date "2004.03.21"]
[Round "1.4"]
[White "Said, Yangdie"]
[Black "Dableo, Ronald"]
[Result "0-1"]
[WhiteElo "1800"]
[BlackElo "2426"]
[PlyCount "38"]
[EventDate "2004.03.21"]

1. d4 d5 2. Nf3 Nf6 3. c4 c6 4. Nc3 a6 5. a4 a5 6. Qc2 Na6 7. e4 Nb4 8. Qb1
dxe4 9. Nxe4 Nxe4 10. Qxe4 g6 11. Nh4 Bg7 12. Be3 f5 13. Qb1 e5 14. g3 exd4 15.
Bd2 Qe7+ 16. Kd1 d3 17. Bxd3 Be6 18. Bxf5 O-O-O 19. Re1 gxf5 0-1

[Event "DUBAI CUP 2004"]
[Site "Tagaytay, Phil."]
[Date "2004.03.21"]
[Round "1.3"]
[White "Natarajan, Chandrasekaran"]
[Black "Sitanggang, Salor"]
[Result "0-1"]
[WhiteElo "2261"]
[BlackElo "2289"]
[PlyCount "100"]
[EventDate "2004.03.21"]

1. d4 Nf6 2. Nf3 d6 3. c3 c6 4. Nbd2 d5 5. Qc2 Nbd7 6. e4 dxe4 7. Nxe4 Nxe4 8.
Qxe4 Nf6 9. Qc2 g6 10. Bc4 Bg7 11. O-O O-O 12. Re1 Nd5 13. Qe4 Bf5 14. Qh4 f6
15. Bd2 Qd7 16. h3 a5 17. a3 b5 18. Ba2 a4 19. Be3 g5 20. Qg3 h6 21. Rad1 Kh8
22. Bc1 Rae8 23. h4 g4 24. Nh2 e5 25. Nf1 exd4 26. cxd4 Bc2 27. Rxe8 Rxe8 28.
Rd2 Be4 29. Rd1 f5 30. Bxd5 Bxd5 31. Be3 Kh7 32. Nd2 Qf7 33. Nb1 Bc4 34. Nc3
Rd8 35. Rd2 Rd7 36. Qf4 Qe6 37. g3 Qd6 38. Qxd6 Rxd6 39. Kg2 Kg6 40. f3 h5 41.
f4 Kf7 42. Kf2 Ke6 43. Ke1 Kd7 44. Kf2 Kc7 45. Rd1 Kb7 46. Rd2 Bf6 47. Rd1 Ka6
48. Rd2 Ka5 49. Nd1 Bb3 50. Ke2 b4 0-1

[Event "DUBAI CUP 2004"]
[Site "Tagaytay, Phil."]
[Date "2004.03.21"]
[Round "1.4"]
[White "Prathiba, Yugarajan"]
[Black "Handoko"]
[Result "0-1"]
[WhiteElo "2407"]
[BlackElo "1800"]
[PlyCount "125"]
[EventDate "2004.03.21"]

1. e4 e6 2. d4 d5 3. Nd2 Nf6 4. e5 Nfd7 5. Bd3 c5 6. c3 Nc6 7. Ne2 Qb6 8. Nf3
cxd4 9. cxd4 f6 10. exf6 Nxf6 11. O-O Bd6 12. Nc3 Bd7 13. a3 a6 14. Re1 O-O 15.
Bg5 Kh8 16. Ne5 Be8 17. Nxc6 Qxc6 18. Re3 Bh5 19. Be2 Bg6 20. Rc1 Qd7 21. Rh3
Qf7 22. Bd3 Rae8 23. Bxf6 gxf6 24. Bxg6 Qxg6 25. Qd3 Qg7 26. Rd1 Rg8 27. Qf3
Re7 28. Ne2 Qg6 29. g3 Reg7 30. Kf1 Qf7 31. Rh6 Rg6 32. Rxg6 Qxg6 33. Rc1 Rf8
34. h4 Qh6 35. Qe3 Qxe3 36. fxe3 Kg7 37. Kf2 f5 38. Kf3 Kf6 39. Nf4 Rg8 40. Rc3
Rd8 41. Rb3 Rd7 42. Rb6 Ke7 43. Nd3 Kf6 44. a4 Bf8 45. Nc1 Be7 46. Nb3 Rc7 47.
Na5 Rc1 48. Nxb7 Rf1+ 49. Ke2 Rg1 50. Kf2 Rc1 51. a5 Rc4 52. Kf3 Rc2 53. b4 Rb2
54. Nc5 Bxc5 55. bxc5 Ra2 56. Rxa6 h6 57. Ra8 Ke7 58. a6 Kd7 59. a7 Kc7 60. Re8
Rxa7 61. Re7+ Kb8 62. Rxa7 Kxa7 63. Kf4 0-1

[Event "DUBAI CUP 2004"]
[Site "Tagaytay, Phil."]
[Date "2004.03.21"]
[Round "1.1"]
[White "Paragua, Mark"]
[Black "Tran, Duc Hoa Khanh"]
[Result "1-0"]
[WhiteElo "2529"]
[BlackElo "2200"]
[PlyCount "49"]
[EventDate "2004.03.21"]

1. e4 e5 2. d4 exd4 3. Qxd4 Nc6 4. Qe3 Nge7 5. Bd2 d5 6. exd5 Qxd5 7. Nc3 Qe6
8. Nb5 Nd5 9. Qxe6+ Bxe6 10. c4 Ndb4 11. Nxc7+ Kd7 12. Nxe6 Kxe6 13. Kd1 a5 14.
Nf3 f6 15. a3 Na6 16. Kc2 Bc5 17. Bd3 Bxf2 18. Rhf1 Bc5 19. Rae1+ Kd7 20. Be4
a4 21. Bf4 g6 22. Rd1+ Kc8 23. Rfe1 Nc7 24. Bxc6 bxc6 25. Bd6 1-0

[Event "DUBAI CUP 2004"]
[Site "Tagaytay, Phil."]
[Date "2004.03.21"]
[Round "1.2"]
[White "Nguyen, Hoang Tuan"]
[Black "Mariano II, Nelson"]
[Result "1/2-1/2"]
[WhiteElo "2227"]
[BlackElo "2416"]
[PlyCount "69"]
[EventDate "2004.03.21"]

1. e4 d5 2. exd5 Qxd5 3. Nc3 Qa5 4. d4 Nf6 5. Nf3 Nc6 6. Be2 Bg4 7. h3 Bh5 8.
O-O O-O-O 9. Be3 e5 10. Nxe5 Nxe5 11. Bxh5 Nc4 12. Bg4+ Nxg4 13. Qxg4+ f5 14.
Qf3 Bb4 15. a3 Bxc3 16. bxc3 Qd5 17. Qxd5 Rxd5 18. Bf4 Kd7 19. Rfe1 h6 20. h4
c6 21. a4 a5 22. g3 Re8 23. Kg2 Rxe1 24. Rxe1 b5 25. Kf3 Nb6 26. axb5 cxb5 27.
h5 Nc4 28. Ke2 Ke7 29. Kd3+ Kf7 30. Ra1 a4 31. Bc1 Ne5+ 32. Ke2 Nc4 33. Kd3
Ne5+ 34. Ke2 Nc4 35. Kd3 1/2-1/2

[Event "DUBAI CUP 2004"]
[Site "Tagaytay, Phil."]
[Date "2004.03.21"]
[Round "1.3"]
[White "Bitoon, Richard"]
[Black "To, Quoc Khanh"]
[Result "1-0"]
[WhiteElo "2430"]
[BlackElo "2302"]
[PlyCount "49"]
[EventDate "2004.03.21"]

1. g3 g6 2. Bg2 Bg7 3. e4 e5 4. Ne2 Ne7 5. d4 exd4 6. Nxd4 O-O 7. Nc3 Nbc6 8.
Be3 d6 9. O-O Ne5 10. b3 Ng4 11. Bg5 h6 12. Bc1 Bd7 13. Bb2 Re8 14. Qd2 Nf6 15.
Rae1 Qc8 16. Nd5 Nexd5 17. exd5 Bh3 18. Ne6 Bxe6 19. dxe6 fxe6 20. Bxf6 Bxf6
21. Qxh6 Kf7 22. Qh7+ Bg7 23. Re3 Rg8 24. Bh3 Kf6 25. Rf3+ 1-0

[Event "DUBAI CUP 2004"]
[Site "Tagaytay, Phil."]
[Date "2004.03.21"]
[Round "1.1"]
[White "Ahmed, Yousef"]
[Black "Mahjoob, Morteza"]
[Result "0-1"]
[WhiteElo "1800"]
[BlackElo "2457"]
[PlyCount "56"]
[EventDate "2004.03.21"]

1. e4 c5 2. Nf3 Nc6 3. d4 cxd4 4. Nxd4 g6 5. Nc3 Bg7 6. Be3 Nf6 7. Qd2 O-O 8.
Bc4 Ng4 9. Nxc6 bxc6 10. Bg5 d6 11. f3 Ne5 12. Bb3 Be6 13. O-O-O Nc4 14. Bxc4
Bxc4 15. Bh6 Bxh6 16. Qxh6 Qa5 17. Kb1 Rab8 18. Qe3 Rb7 19. g4 Rfb8 20. b3 Qa3
21. Qc1 Qc5 22. h4 Bxb3 23. cxb3 Rxb3+ 24. axb3 Rxb3+ 25. Ka2 Rxc3 26. Qb2 Rc2
27. Rh2 Rxb2+ 28. Rxb2 Qc3 0-1

[Event "DUBAI CUP 2004"]
[Site "Tagaytay, Phil."]
[Date "2004.03.21"]
[Round "1.2"]
[White "Moradiabadi, Elshan"]
[Black "Abdulghafour, Yousef"]
[Result "1-0"]
[WhiteElo "2383"]
[BlackElo "2143"]
[PlyCount "109"]
[EventDate "2004.03.21"]

1. c4 e6 2. d4 d5 3. Nc3 Nf6 4. Bg5 Be7 5. e3 Nbd7 6. cxd5 exd5 7. Bd3 O-O 8.
Nf3 c6 9. Qc2 Re8 10. O-O Nf8 11. Rae1 Ng6 12. Ne5 Ng4 13. Bxe7 Qxe7 14. Nxg4
Bxg4 15. f4 Nf8 16. f5 f6 17. Qf2 Bh5 18. g4 Bf7 19. h4 Rad8 20. Qg2 c5 21. Bb5
cxd4 22. Bxe8 dxc3 23. Bxf7+ Qxf7 24. bxc3 Qc7 25. Rc1 Qc4 26. Rfd1 Kh8 27. Rd4
Qc5 28. Qd2 Qe7 29. c4 Qe5 30. Kg2 h5 31. cxd5 hxg4 32. Rf1 Nd7 33. Rxg4 Nc5
34. Qd4 Rxd5 35. Qxe5 Rxe5 36. Rf3 Nd3 37. Rfg3 Re7 38. Rd4 Ne5 39. e4 Rc7 40.
Ra3 Rc2+ 41. Kg3 a5 42. Rxa5 Rc3+ 43. Kg2 Nf3 44. Rb4 Nxh4+ 45. Kf2 Kh7 46.
Rxb7 Kh6 47. Ke2 Kg5 48. Kd2 Rh3 49. Rxg7+ Kf4 50. Rf7 Nf3+ 51. Kc1 Ne5 52.
Rxf6 Rh2 53. Rxe5 Kxe5 54. Re6+ Kd4 55. f6 1-0

[Event "DUBAI CUP 2004"]
[Site "Tagaytay, Phil."]
[Date "2004.03.21"]
[Round "1.1"]
[White "Mohammed, Ben Hafed"]
[Black "Senador, Emmanuel"]
[Result "0-1"]
[WhiteElo "1800"]
[BlackElo "2453"]
[PlyCount "52"]
[EventDate "2004.03.21"]

1. d4 Nf6 2. c4 g6 3. Nf3 Bg7 4. Nc3 O-O 5. g3 c5 6. e3 cxd4 7. Nxd4 d5 8. cxd5
Nxd5 9. Bg2 Nxc3 10. bxc3 e5 11. Nb3 Qc7 12. Bb2 Rd8 13. Qe2 Be6 14. Nd2 Na6
15. Be4 Nc5 16. Bc2 Qc6 17. f3 Na4 18. Bxa4 Qxa4 19. Kf2 Rd7 20. Qd1 Qb5 21.
Qc2 Rad8 22. Rhd1 e4 23. Nb3 Qf5 24. f4 Qh5 25. Ke1 Qf3 26. Nd2 Qxe3+ 0-1

[Event "DUBAI CUP 2004"]
[Site "Tagaytay, Phil."]
[Date "2004.03.21"]
[Round "1.3"]
[White "Taleb, Moussa"]
[Black "Balico, Jerome"]
[Result "1-0"]
[WhiteElo "1800"]
[BlackElo "2453"]
[PlyCount "73"]
[EventDate "2004.03.21"]

1. Nf3 d5 2. d4 Nf6 3. c3 e6 4. Bg5 Be7 5. Nbd2 Nbd7 6. e3 Nh5 7. Bxe7 Qxe7 8.
Ne5 Nhf6 9. f4 Nxe5 10. fxe5 Nd7 11. Qh5 g6 12. Qh6 f5 13. exf6 Nxf6 14. Bd3
Rf8 15. O-O Bd7 16. Qh4 O-O-O 17. Nf3 Qg7 18. Rf2 h5 19. Raf1 g5 20. Qg3 a6 21.
Ne5 Bb5 22. Bxb5 axb5 23. Qh3 Rde8 24. a3 h4 25. Qf3 g4 26. Qe2 c6 27. Rf4 Ne4
28. Nf7 Kc7 29. Qe1 Kb6 30. a4 Re7 31. Ne5 Ra8 32. axb5 cxb5 33. c4 Ra4 34. c5+
Ka6 35. Rf8 Ka7 36. Qe2 Ra5 37. b4 1-0

[Event "DUBAI CUP 2004"]
[Site "Tagaytay, Phil."]
[Date "2004.03.21"]
[Round "1.4"]
[White "Panopio Jr, Rodolfo"]
[Black "Nabil, Saleh"]
[Result "1-0"]
[WhiteElo "2390"]
[BlackElo "2125"]
[PlyCount "107"]
[EventDate "2004.03.21"]

1. e4 c6 2. d4 d5 3. Nc3 dxe4 4. Nxe4 Nf6 5. Ng5 Bf5 6. Bc4 e6 7. h3 h6 8. N5f3
Bd6 9. Ne2 Qc7 10. Bd3 Nbd7 11. Bxf5 Qa5+ 12. c3 Qxf5 13. O-O O-O 14. Ng3 Qa5
15. Nd2 Qc7 16. Nde4 Nxe4 17. Nxe4 Bh2+ 18. Kh1 Bf4 19. Qf3 Bxc1 20. Raxc1 Rfd8
21. Rfe1 Nf8 22. Re2 Ng6 23. g3 e5 24. dxe5 Nxe5 25. Qf5 Nd3 26. Rd1 Rd5 27.
Qg4 Qd8 28. c4 Ne5 29. cxd5 Nxg4 30. hxg4 cxd5 31. Nc3 Qf6 32. Rxd5 Qf3+ 33.
Kg1 Rc8 34. Re7 Kf8 35. Rde5 Qf6 36. Nd5 Qd6 37. Rf5 f6 38. Rxb7 Rc1+ 39. Kh2
Qa6 40. Rb8+ Kf7 41. Ne3 Qxa2 42. Rd5 Qa4 43. Rb7+ Ke6 44. Rb8 Qc6 45. Rb4 Re1
46. Re4+ Kf7 47. Rc4 Qb7 48. Rcd4 Qxb2 49. Rd2 Qb6 50. Rd6 Qb5 51. Rd7+ Ke8 52.
Rd8+ Kf7 53. Nf5 Re5 54. Nd6+ 1-0

[Event "DUBAI CUP 2004"]
[Site "Tagaytay, Phil."]
[Date "2004.03.21"]
[Round "1.1"]
[White "Chang, Hon Kun"]
[Black "Donguines, Fernie"]
[Result "0-1"]
[WhiteElo "2110"]
[BlackElo "2413"]
[PlyCount "60"]
[EventDate "2004.03.21"]

1. e4 g6 2. Nf3 Bg7 3. c4 d6 4. d4 Nf6 5. Nc3 O-O 6. Be2 b6 7. O-O Bb7 8. d5
Nbd7 9. Qc2 e5 10. Rb1 Nh5 11. b4 Nf4 12. g3 Nxe2+ 13. Qxe2 Bc8 14. Nh4 f5 15.
Ng2 f4 16. f3 g5 17. g4 h5 18. h3 Rf6 19. Kf2 Rh6 20. Bb2 a5 21. a3 Nf6 22. b5
Kf7 23. Na4 Qh8 24. Ke1 hxg4 25. hxg4 Rh2 26. Kd2 Qh3 27. Rf2 Qg3 28. Rg1 Bxg4
29. fxg4 Nxe4+ 30. Qxe4 Qxf2+ 0-1

[Event "DUBAI CUP 2004"]
[Site "Tagaytay, Phil."]
[Date "2004.03.21"]
[Round "1.2"]
[White "Nones, Teodulfo"]
[Black "Celis, Solomon"]
[Result "1-0"]
[WhiteElo "2285"]
[BlackElo "2125"]
[PlyCount "71"]
[EventDate "2004.03.21"]

1. e4 e5 2. Nf3 Nc6 3. Bb5 a6 4. Ba4 Nf6 5. O-O Be7 6. Re1 b5 7. Bb3 d6 8. c3
O-O 9. d3 Na5 10. Bc2 c5 11. Nbd2 Nc6 12. Nf1 Re8 13. Ne3 g6 14. h3 Bf8 15. Nh2
Bg7 16. Nhg4 Nxg4 17. Nxg4 Bxg4 18. hxg4 Qh4 19. Re3 Rf8 20. Rh3 Qe7 21. Qf3
Nb8 22. Rh2 h6 23. Bxh6 Bxh6 24. Rxh6 Qg5 25. Qh3 Nd7 26. g3 Kg7 27. Rh7+ Kg8
28. Kg2 Rfc8 29. f4 exf4 30. gxf4 Qxf4 31. Rf1 Qe5 32. Rhxf7 Nf8 33. Qh6 b4 34.
R1f6 Qxf6 35. Rxf6 Rab8 36. Bb3+ 1-0

[Event "DUBAI CUP 2004"]
[Site "Tagaytay, Phil."]
[Date "2004.03.22"]
[Round "2.1"]
[White "Mahjoob, Morteza"]
[Black "Liang, Chong"]
[Result "0-1"]
[WhiteElo "2457"]
[BlackElo "2526"]
[PlyCount "100"]
[EventDate "2004.03.21"]

1. e4 c6 2. c4 d5 3. exd5 cxd5 4. cxd5 Nf6 5. Nc3 Nxd5 6. Nf3 e6 7. Bc4 Be7 8.
O-O O-O 9. Qe2 Nc6 10. Rd1 Na5 11. Bxd5 exd5 12. d4 Be6 13. Bf4 Rc8 14. Rac1
Nc4 15. h3 h6 16. b3 Nd6 17. Nb5 Nxb5 18. Qxb5 Qd7 19. Qa5 a6 20. Rxc8 Rxc8 21.
Rc1 Rxc1+ 22. Bxc1 Qc8 23. Bf4 Qc2 24. Qc7 Qxc7 25. Bxc7 Bf5 26. Kf1 Bb1 27.
Nd2 Bxa2 28. Ba5 Bg5 29. Ke2 Kf8 30. g3 Bxd2 31. Kxd2 Bxb3 32. Kc3 Bc4 33. Kb4
Ke7 34. Kc5 Ke6 35. h4 Kf5 36. Kd6 Ke4 37. Ke7 Kxd4 38. Kxf7 Kc5 39. Kxg7 b5
40. Bd2 h5 41. Kf6 b4 42. Ke5 d4 43. Bc1 Bf7 44. f4 d3 45. Ke4 Kc4 46. Ke3 a5
47. Kd2 Be8 48. Bb2 a4 49. Kc1 a3 50. Bf6 b3 0-1

[Event "DUBAI CUP 2004"]
[Site "Tagaytay, Phil."]
[Date "2004.03.22"]
[Round "2.2"]
[White "Li, Shilong"]
[Black "Moradiabadi, Elshan"]
[Result "1/2-1/2"]
[WhiteElo "2525"]
[BlackElo "2383"]
[PlyCount "104"]
[EventDate "2004.03.21"]

1. e4 e5 2. Nf3 Nc6 3. Bb5 a6 4. Ba4 Nf6 5. O-O b5 6. Bb3 Bc5 7. a4 Bb7 8. d3
h6 9. Nc3 b4 10. Ne2 d6 11. a5 O-O 12. Ng3 Bc8 13. Be3 Be6 14. Bxe6 fxe6 15.
Bxc5 dxc5 16. Nd2 Ne8 17. Ne2 Nd6 18. Nc1 Nb8 19. Ncb3 Nd7 20. Qe2 Qe7 21. Nc4
Rf6 22. Qe3 Raf8 23. Nbd2 Nb5 24. Rac1 Rg6 25. c3 bxc3 26. bxc3 Qf7 27. Nb3 Qe7
28. Nbd2 Qf7 29. Kh1 Rf6 30. Qh3 Nd6 31. f3 Qe8 32. Ne3 h5 33. Ndc4 Nb5 34. g4
Qf7 35. gxh5 Rxf3 36. Rxf3 Qxf3+ 37. Qxf3 Rxf3 38. Kg2 Rf4 39. Kg3 Nf6 40. h6
Nh5+ 41. Kg2 gxh6 42. Nxe5 Rf8 43. Nd7 Nf4+ 44. Kh1 Rd8 45. Rg1+ Kf7 46. Ne5+
Kf6 47. N3g4+ Kg7 48. Nxh6+ Kh7 49. Nhf7 Rg8 50. Ng5+ Kh6 51. Ngf7+ Kh7 52.
Ng5+ Kh6 1/2-1/2

[Event "DUBAI CUP 2004"]
[Site "Tagaytay, Phil."]
[Date "2004.03.22"]
[Round "2.1"]
[White "Megaranto, Susanto"]
[Black "Paragua, Mark"]
[Result "1-0"]
[WhiteElo "2458"]
[BlackElo "2529"]
[PlyCount "77"]
[EventDate "2004.03.21"]

1. e4 c5 2. Nf3 d6 3. d4 cxd4 4. Nxd4 Nf6 5. Nc3 Nc6 6. Bc4 Qb6 7. Ndb5 a6 8.
Be3 Qa5 9. Nd4 Ng4 10. O-O Nxe3 11. fxe3 e6 12. Nxc6 bxc6 13. Qf3 Ra7 14. Rad1
Qe5 15. Bb3 Rc7 16. Ba4 Bb7 17. Rd4 f6 18. Qg4 Kf7 19. Bb3 d5 20. Rd3 Bd6 21.
Qh4 h5 22. exd5 cxd5 23. Ne2 g5 24. Qh3 h4 25. g4 Ke7 26. Nd4 Qe4 27. Rd2 f5
28. gxf5 g4 29. Qg2 Qxe3+ 30. Kh1 h3 31. Qxg4 Qxd2 32. Qg7+ Ke8 33. Qxh8+ Bf8
34. Ba4+ Bc6 35. Bxc6+ Rxc6 36. Qh5+ Kd7 37. fxe6+ Kd6 38. Qg4 Rc4 39. Qg3+ 1-0

[Event "DUBAI CUP 2004"]
[Site "Tagaytay, Phil."]
[Date "2004.03.22"]
[Round "2.2"]
[White "Mariano II, Nelson"]
[Black "Purnama, Tirta Chandra"]
[Result "1-0"]
[WhiteElo "2416"]
[BlackElo "2289"]
[PlyCount "73"]
[EventDate "2004.03.21"]

1. e4 e5 2. Nf3 Nc6 3. Bb5 a6 4. Ba4 Nf6 5. O-O Be7 6. Re1 b5 7. Bb3 d6 8. a4
Rb8 9. axb5 axb5 10. c3 O-O 11. h3 Bb7 12. Qe2 Ra8 13. Rxa8 Qxa8 14. d3 Na5 15.
Bc2 Nc6 16. Nbd2 b4 17. Nf1 bxc3 18. bxc3 d5 19. Ne3 dxe4 20. dxe4 Qa2 21. Qb5
Qa6 22. Qxa6 Bxa6 23. Ba4 Bb7 24. Bxc6 Bxc6 25. Nxe5 Bxe4 26. N3g4 Nxg4 27.
hxg4 Bd5 28. Ng6 fxg6 29. Rxe7 Rf7 30. Re5 Rd7 31. g5 Kf7 32. Bf4 c6 33. Re1
Ra7 34. Kh2 Ra4 35. Kg3 Rc4 36. Re3 Re4 37. Rd3 {White won on 60 moves} 1-0

[Event "DUBAI CUP 2004"]
[Site "Tagaytay, Phil."]
[Date "2004.03.22"]
[Round "2.4"]
[White "Bitoon, Richard"]
[Black "Handoko, Edhi"]
[Result "1-0"]
[WhiteElo "2430"]
[BlackElo "2405"]
[PlyCount "71"]
[EventDate "2004.03.21"]

1. e4 e5 2. Bc4 Nf6 3. d3 Nc6 4. Nf3 Be7 5. O-O O-O 6. Re1 d6 7. a4 Kh8 8. a5
Ng8 9. a6 f5 10. axb7 Bxb7 11. Nc3 Nb4 12. Nd5 Nxd5 13. Bxd5 c6 14. Bc4 Bc8 15.
Ba6 Bd7 16. exf5 Rxf5 17. d4 Qc7 18. Bd3 Rff8 19. dxe5 Bg4 20. Be2 dxe5 21.
Nxe5 Rad8 22. Nd3 Bc8 23. Bd2 c5 24. Ba5 Qb8 25. Bxd8 Rxd8 26. b3 Bf6 27. Ra4
Bd4 28. Qd2 Bd7 29. Ra2 Nf6 30. Bf3 Bg4 31. Qf4 Qxf4 32. Nxf4 Bxf3 33. gxf3 Rd7
34. Ra6 Bc3 35. Re3 Bd2 36. Rd3 1-0

[Event "DUBAI CUP 2004"]
[Site "Tagaytay, Phil."]
[Date "2004.03.22"]
[Round "2.1"]
[White "Donguines, Fernie"]
[Black "Wong, Zi Jing"]
[Result "1/2-1/2"]
[WhiteElo "2413"]
[BlackElo "2339"]
[PlyCount "64"]
[EventDate "2004.03.21"]

1. d4 Nf6 2. c3 b6 3. Bf4 Bb7 4. Nd2 g6 5. h3 Bg7 6. Ngf3 O-O 7. Qc2 d6 8. e4
Nbd7 9. Be2 Re8 10. O-O e5 11. dxe5 dxe5 12. Be3 Qe7 13. b4 Nh5 14. Rfd1 Nf4
15. Bb5 a6 16. Bf1 g5 17. g3 Ne6 18. Bg2 Rac8 19. Nc4 h6 20. a4 Red8 21. Bc1
Qf6 22. Nh2 h5 23. Ne3 Bf8 24. Qe2 Qg6 25. Nc4 Bg7 26. Re1 a5 27. bxa5 Ba6 28.
Qa2 Ndc5 29. Ne3 bxa5 30. Nf5 Bf8 31. Ba3 Bd3 32. f3 Rb8 1/2-1/2